Detalles MARC
| 000 -LÍDER |
| Campo fijo de descripción fija |
01616aam a2200313 i 4500 |
| 001 - NÚMERO DE CONTROL |
| Campo de control |
768714001 |
| 003 - IDENTIFICADOR DEL NÚMERO DE CONTROL |
| Campo de control |
CO-MdFUSB |
| 005 - FECHA Y HORA DE LA ULTIMA TRANSACCIÓN |
| control field |
20250502164440.0 |
| 007 - CAMPO FIJO DE DESCRIPCIÓN FIJA--INFORMACIÓN GENERAL |
| Campo fijo de descripción fija |
ta |
| 008 - ELEMENTOS DE LONGITUD FIJA -- INFORMACIÓN GENERAL |
| Campo fijo de descripción fija -- Información general |
250502t2007 sp |||| |||| 00| 0 spa d |
| 020 ## - NÚMERO INTERNACIONAL NORMALIZADO PARA LIBROS |
| Número Internacional Normalizado del libro |
978-84-301-1633-1 |
| 040 ## - FUENTE DE CATALOGACIÓN |
| Agencia que realiza la transcripción |
CO-MdFUSB |
| 041 ## - CÓDIGO DE IDIOMA |
| Código de idioma para texto/pista de sonido o título separado |
spa |
| 082 04 - NÚMERO DE CLASIFICACIÓN DECIMAL DEWEY |
| Número de clasificación |
241 |
| Número de la edición del Dewey |
23 |
| Clave de autor-Numero de item |
F593m |
| 100 1# - ASIENTO PRINCIPAL--NOMBRE PERSONAL |
| Nombre personal |
Flecha, José-Román 1941- |
| Término relacionador |
autor |
| 245 10 - TÍTULO |
| Título del Material |
Moral social : |
| Parte restante del título - Subtitulo |
la vida en comunidad |
| Mención de responsabilidad, etc. |
/ José-Román Flecha Andrés |
| 264 #1 - PRODUCCIÓN, PUBLICACIÓN, DISTRIBUCIÓN, MANUFACTURA, Y COPYRIGHT |
| Nombre del productor, publicador, distribuidor |
Ediciones Sígueme, |
| Lugar de producción, publicación, distribución, manufactura |
Salamanca, España : |
| Fecha de producción, publicación, distribución, manufactura, o copyright |
[2007] |
| 264 #4 - PRODUCCIÓN, PUBLICACIÓN, DISTRIBUCIÓN, MANUFACTURA, Y COPYRIGHT |
| Fecha de producción, publicación, distribución, manufactura, o copyright |
©2007 |
| 300 ## - DESCRIPCIÓN FÍSICA |
| Extensión |
589 páginas |
| Dimensiones |
; 21 cm |
| 336 ## - TIPO DE CONTENIDO |
| Término de tipo de contenido |
texto |
| Código de tipo de contenido |
txt |
| Fuente |
rdacontent |
| 337 ## - TIPO DE MEDIO |
| Fuente |
rdamedia |
| Nombre del tipo de medio |
sin mediación |
| Código del tipo de medio |
n |
| 338 ## - TIPO DE SOPORTE |
| Fuente |
rdacarrier |
| Nombre del tipo de soporte |
volumen |
| Código Tipo de soporte |
nc |
| 490 0# - MENCIÓN DE SERIE |
| Mención de serie |
Vida en Cristo , no.5 |
| 505 ## - NOTA DE CONTENIDO |
| Información miscelánea |
I PARTE: |
| Título |
Premisas y fundamentos: |
| Nota de contenido con formato preestablecido |
Fe cristiana y moral social -- El hombre, centro de la cuestión social -- Verdad, justicia, amor y libertad como normas éticas para la convivencia -- Valores éticos en una sociedad plural. |
| Información miscelánea |
II PARTE: |
| Título |
Escenarios y problemas: |
| Nota de contenido con formato preestablecido |
Los derechos humanos -- La familia -- La demografía como cuestión ética -- El trabajo humano -- la migración -- La opción por los pobres -- salud y enfermedad -- poder y autoridad -- Legalidad y ética -- El voluntariado -- Medios de comunicación social -- El dinero , el mercado y los mercados -- El desafío de la globalización -- Ecología y fe cristiana -- La guerra y la paz. |
| Información miscelánea |
III PARTE: |
| Título |
Desafíos y esperanza: |
| Nota de contenido con formato preestablecido |
Responsabilidad moral ante la nueva cultura -- La esperanza escatológica |
| 563 ## - NOTA DE ENCUADERNACIÓN |
| Nota de encuadernación |
Rústico |
| 653 ## - TÉRMINO DE INDIZACIÓN - NO CONTROLADO |
| Término no controlado |
Teología social |
| 942 ## - TIPO DE MATERIAL (KOHA) |
| Tipo de Item KOHA |
Libros General |
| 945 ## - INFORMACIÓN LOCAL DEL REGISTRO |
| Catalogador |
JTF-925 |